000 00582nam a2200181 i 4500
001 55256
003 ES-MaACL
005 20230906163117.0
007 t|
008 030916s1940 sp ||||1| spa d
100 1 _aDemel, Rudolf.
_943632
245 1 0 _aDiagnóstico de las enfermedades quirúrgicas /
_cpor Rudolf Demel ; traducción de la 2ª edición alemana por L. Damians.
250 _a1ª ed. española.
260 _aBarcelona :
_b[s.n.],
_c1940 (
_fA. Rovira)
300 _aXXVII, 931 p. ;
_c26 cm.
700 1 _aDamians, L.
_942571
852 _aES-MaACL
_jE-1023
_bR.18744
999 _c55256
_d55256